| 000 | 00682nam a22002297a 4500 | ||
|---|---|---|---|
| 999 |
_c4349 _d4349 |
||
| 003 | AR-CdUCM | ||
| 008 | 190308b ||||| |||| 00| 0 spa d | ||
| 040 |
_aMUNICIPALIDAD PROVINCIAL DEL CUSCO _cBIBLIOTECA MUNICIPAL DEL CUSCO |
||
| 041 | _hit. | ||
| 082 |
_a858.90 / _bM23 |
||
| 100 |
_aMalaparte, Curzio _910168 |
||
| 245 | _aEl Volga nace en Europa / | ||
| 260 |
_aMéxico : _bEdit.Latino Americana, _c1956. |
||
| 300 |
_a292 paginas ; _c20 cm. |
||
| 505 | _aContendio :Documentos / | ||
| 650 |
_aLiteratura italiana _9615 |
||
| 650 |
_aCronica _9637 |
||
| 650 |
_aSiglo XX _98 |
||
| 700 |
_aManuel Alonzo Muñoz (traductor) _913740 |
||
| 942 |
_2ddc _cLIBROS |
||
| 945 | _arjall | ||